[Event "Miedzynarodowy Festiwal Szachowy VARSOVIA 2019 - grupa A"]
[Site "Warszawa"]
[Date "1899-12-30"]
[Round "1.1"]
[White "Vysochin, Spartak"]
[Black "Malicka, Maria"]
[Result "1/2-1/2"]
[WhiteTitle "GM"]
[BlackTitle "WCM"]
[WhiteElo "2512"]
[BlackElo "2104"]

1. e4 c5 2. c3 d5 3. exd5 Qxd5 4. d4 Nf6 5. Nf3 Bg4 6. dxc5 Qxd1+ 7. Kxd1 Nc6 8.
h3 Bxf3+ 9. gxf3 e6 10. b4 a5 11. Bb5 Nd5 12. Bd2 Be7 13. a3 O-O 14. Bxc6 bxc6
15. Kc2 Rfb8 16. c4 axb4 17. cxd5 exd5 18. Bf4 Rb5 19. Bd6 Bf6 20. a4 b3+ 21.
Kd3 Rb4 22. Nd2 Bxa1 23. Rxa1 b2 24. Rb1 Raxa4 25. Kc2 Ra2 26. f4 d4 27. f5 f6
28. h4 g6 29. fxg6 hxg6 30. f4 Kf7 31. f5 gxf5 32. h5 Kg7 33. Nf1 Ra1 34. Nd2
Ra2 35. Be7 Kh6 36. Bxf6 Kxh5 37. Be5 Ra3 38. Rxb2 Rc3+ 39. Kb1 Rxb2+ 40. Kxb2
Rxc5 41. Bxd4 Rd5 42. Kc3 Kg4 43. Nc4 Kf4 44. Bb6 Kf3 45. Bc7 f4 46. Nd2+ Kg4
47. Nc4 Kf5 48. Bb6 Ke6 49. Bf2 Kf6 50. Nb2 Kf5 51. Nd3 Ke4 52. Nb4 Rd6 53. Bc5
Rg6 54. Kc4 f3 55. Nd3 Rg5 56. Nf2+ Ke5 57. Bd4+ Ke6 58. Kd3 Kd5 59. Ke3 Rf5 60.
Bb2 c5 61. Bc3 Rf7 62. Ng4 Rf8 63. Nf6+ Ke6 64. Kxf3 Rxf6+ 65. Bxf6 Kxf6 66. Ke4
1/2-1/2

[Event "Miedzynarodowy Festiwal Szachowy VARSOVIA 2019 - grupa A"]
[Site "Warszawa"]
[Date "1899-12-30"]
[Round "1.2"]
[White "Czernek, Tymon"]
[Black "Kislinsky, Alexey"]
[Result "0-1"]
[WhiteTitle "I++"]
[BlackTitle "GM"]
[WhiteElo "2097"]
[BlackElo "2460"]

1. e4 c5 2. Nf3 Nc6 3. d4 cxd4 4. Nxd4 g6 5. Nc3 Bg7 6. Be3 Nf6 7. Be2 O-O 8. O-O
d5 9. exd5 Nb4 10. Nb3 Nfxd5 11. Bd4 Nxc3 12. bxc3 Nc6 13. Bf3 Nxd4 14. cxd4 Qc7
15. Qe2 a5 16. a4 Ra6 17. Rfe1 Re6 18. Qd2 b6 19. h3 Rd8 20. Qd3 Rxe1+ 21. Rxe1
Bf5 22. Be4 Bd7 23. Ra1 e5 24. c3 Be6 25. d5 f5 26. Qb5 Bd7 27. d6 Qxd6 28. Qd5+
Be6 29. Qxd6 Rxd6 30. Bc2 e4 31. Rd1 Rxd1+ 32. Bxd1 Bxc3 33. Nc1 Kf7 34. Ne2 Be5
35. f3 exf3 36. gxf3 f4 37. Kg2 Bc4 38. h4 Ke6 39. Kh3 Kf6 40. Nc1 Bb2 41. Ne2
g5 42. hxg5+ Kxg5 43. Kg2 b5 0-1

[Event "Miedzynarodowy Festiwal Szachowy VARSOVIA 2019 - grupa A"]
[Site "Warszawa"]
[Date "1899-12-30"]
[Round "1.3"]
[White "Martins, David Pires Tavares"]
[Black "Wielecki, Zygmunt"]
[Result "1-0"]
[WhiteTitle "IM"]
[BlackTitle "k"]
[WhiteElo "2422"]
[BlackElo "2095"]

1. Nf3 Nf6 2. g3 d5 3. Bg2 c5 4. O-O Nc6 5. d4 e6 6. c4 Be7 7. dxc5 Bxc5 8. Bg5
Be7 9. Qc2 dxc4 10. Rd1 Nd5 11. e4 Bxg5 12. exd5 exd5 13. Nc3 Be6 14. Nxd5 Bf6
15. Nf4 Qe7 16. Nxe6 fxe6 17. Qxc4 O-O 18. Re1 Rae8 19. Re3 Kh8 20. Rae1 e5 21.
Nd2 Qb4 22. Bxc6 1-0

[Event "Miedzynarodowy Festiwal Szachowy VARSOVIA 2019 - grupa A"]
[Site "Warszawa"]
[Date "1899-12-30"]
[Round "1.4"]
[White "Malec, Sebastian"]
[Black "Eggink, Ryszard"]
[Result "0-1"]
[WhiteTitle "k++"]
[BlackTitle "m"]
[WhiteElo "2093"]
[BlackElo "2402"]

1. e4 c5 2. Nf3 d6 3. d4 cxd4 4. Nxd4 Nf6 5. Nc3 a6 6. g3 b5 7. Bg2 Bb7 8. O-O
e6 9. Re1 Nfd7 10. a4 bxa4 11. Nf5 Qc7 12. Nd5 exd5 13. exd5+ Ne5 14. f4 Nbd7
15. fxe5 Nxe5 16. Bf4 g6 17. Nxd6+ Bxd6 18. Bxe5 Bxe5 19. Qd4 f6 20. d6 O-O-O
21. Qxe5 fxe5 22. dxc7 Rd2 23. Bxb7+ Kxb7 24. Rad1 Rxd1 25. Rxd1 Rc8 26. Rd5 Rxc7
27. c3 Kb6 28. Rxe5 a3 29. bxa3 Rxc3 30. a4 Ra3 31. Re6+ Ka5 32. Re7 Kxa4 33.
Rxh7 Rb3 34. Ra7 a5 35. Kg2 Rb5 36. h4 Kb4 37. g4 a4 38. g5 a3 39. Kg3 Ra5 40.
Rb7+ Ka4 41. Rb1 a2 42. Ra1 Kb3 43. Kf4 Kb2 44. Rxa2+ Kxa2 45. h5 Ra4+ 0-1

[Event "Miedzynarodowy Festiwal Szachowy VARSOVIA 2019 - grupa A"]
[Site "Warszawa"]
[Date "1899-12-30"]
[Round "1.5"]
[White "Licznerski, Lukasz"]
[Black "Dzida, Kamil"]
[Result "0-1"]
[WhiteTitle "FM"]
[BlackTitle "k"]
[WhiteElo "2373"]
[BlackElo "2090"]

1. e4 c5 2. Nf3 d6 3. Bb5+ Bd7 4. Bxd7+ Qxd7 5. c4 e5 6. Nc3 g6 7. O-O Bg7 8. d3
Ne7 9. Ne1 O-O 10. Nc2 Nbc6 11. Ne3 f5 12. Ned5 Rae8 13. Bd2 Nd4 14. Nxe7+ Rxe7
15. Be3 Ref7 16. f3 h5 17. Rb1 fxe4 18. dxe4 Kh7 19. Nd5 Bh6 20. Bxd4 cxd4 21.
Qd3 g5 22. Rf2 g4 23. Rbf1 Kg7 24. g3 gxf3 25. Kh1 Qg4 26. b4 Kh8 27. Rg1 Rg8
28. a4 h4 29. a5 Qh5 30. gxh4 Rxg1+ 31. Kxg1 Qxh4 32. Kf1 Qh3+ 33. Ke1 Bg5 34.
Kd1 Bh4 35. Rf1 Qxh2 36. c5 dxc5 37. bxc5 Qe2+ 38. Qxe2 fxe2+ 39. Kxe2 d3+ 40.
Kxd3 Rxf1 41. a6 bxa6 42. c6 Bd8 43. c7 Bxc7 44. Nxc7 Rd1+ 45. Kc2 Rd4 46. Nxa6
Rxe4 47. Kd3 Rd4+ 48. Ke3 Kg7 49. Nc7 Kf7 50. Nb5 Ra4 0-1

[Event "Miedzynarodowy Festiwal Szachowy VARSOVIA 2019 - grupa A"]
[Site "Warszawa"]
[Date "1899-12-30"]
[Round "1.6"]
[White "Praczukowski, Stanislaw"]
[Black "Czerwonski, Aleksander"]
[Result "0-1"]
[WhiteTitle "k"]
[BlackTitle "IM"]
[WhiteElo "2078"]
[BlackElo "2358"]

1. d4 Nf6 2. c4 e6 3. Nf3 b6 4. a3 Bb7 5. Nc3 d5 6. cxd5 Nxd5 7. e3 Be7 8. Bb5+
c6 9. Bd3 O-O 10. Qc2 g6 11. Qe2 c5 12. O-O Qc8 13. Nxd5 exd5 14. b3 Ba6 15. Bxa6
Qxa6 16. Qxa6 Nxa6 17. dxc5 Nxc5 18. Rb1 Rac8 19. Bd2 Ne4 20. Bb4 Rfe8 21. Rbc1
Bf6 22. Rfd1 Bb2 23. Rxc8 Rxc8 24. g4 a5 25. Be7 f6 26. g5 Kf7 27. gxf6 Nxf6 28.
Bxf6 Kxf6 29. Rxd5 Bxa3 30. Nd2 Ke6 31. Rg5 Rc5 32. Rxc5 Bxc5 33. Kf1 b5 34. Ke2
Kf5 35. f3 Bd6 36. h3 Be7 37. Ne4 Ke5 38. Kd3 Bf8 39. Nc3 Kf5 40. Ke2 Kg5 41.
Kf2 a4 42. bxa4 b4 43. Nb1 Bc5 44. f4+ Kh4 45. Kf3 Kxh3 46. e4 h6 47. e5 g5 48.
fxg5 hxg5 49. Ke4 g4 50. Nd2 g3 51. e6 Kg4 52. Nf1 g2 53. Nh2+ Kg3 54. Nf3 b3
55. Ng1 b2 56. Ne2+ Kg4 0-1

[Event "Miedzynarodowy Festiwal Szachowy VARSOVIA 2019 - grupa A"]
[Site "Warszawa"]
[Date "1899-12-30"]
[Round "1.7"]
[White "Chylewski, Patryk"]
[Black "Golecki, Jan"]
[Result "1-0"]
[WhiteTitle "FM"]
[BlackTitle "I++"]
[WhiteElo "2357"]
[BlackElo "2053"]

1. d4 Nf6 2. c4 e6 3. Nf3 b6 4. g3 Bb7 5. Bg2 Be7 6. O-O O-O 7. Re1 d5 8. cxd5
exd5 9. Nc3 Nbd7 10. Bf4 Bb4 11. Qb3 Bxc3 12. Qxc3 Rc8 13. Qa3 a5 14. Rac1 Re8
15. Bh3 Ba6 16. Bg5 Ra8 17. Qc3 Rxe2 18. Rxe2 Bxe2 19. Ne5 Nxe5 20. dxe5 Ne4 21.
Bxd8 Nxc3 22. Bxc7 d4 23. Bxb6 d3 24. Be3 Nxa2 25. Rc7 Nb4 26. e6 f6 27. Rd7 Re8
28. f4 Bf3 29. f5 Nd5 30. Bd2 a4 31. Bg2 Bxg2 32. Kxg2 Ne7 33. g4 g6 34. Bb4 Nc6
35. Bc3 gxf5 36. Rxd3 fxg4 37. Rd6 Ne5 38. Kg3 Kg7 39. Kf4 Rb8 40. Ra6 h5 41.
Kf5 h4 42. Ra7+ Kg8 43. Kxf6 Rf8+ 44. Kxe5 g3 45. hxg3 h3 46. Rxa4 Rf3 47. Rg4+
Kf8 48. Bb4+ 1-0

[Event "Miedzynarodowy Festiwal Szachowy VARSOVIA 2019 - grupa A"]
[Site "Warszawa"]
[Date "1899-12-30"]
[Round "1.8"]
[White "Seemann, Jakub"]
[Black "Kowalski, Igor"]
[Result "1-0"]
[WhiteTitle "I+"]
[BlackTitle "FM"]
[WhiteElo "2050"]
[BlackElo "2354"]

1. e4 g6 2. d4 Bg7 3. Nc3 a6 4. f4 d6 5. Nf3 b5 6. Bd3 Bb7 7. O-O c5 8. dxc5 dxc5
9. e5 c4 10. Be4 Qb6+ 11. Kh1 Nh6 12. Nd5 Bxd5 13. Bxd5 Ra7 14. Qe2 Rd7 15. Bxf7+
Nxf7 16. e6 Rd5 17. exf7+ Kf8 18. Ng5 Bf6 19. Be3 Qc6 20. Rad1 Kg7 21. Rxd5 Qxd5
22. Bd4 Qd6 23. Be5 Qb6 24. Rd1 Bxe5 25. Qxe5+ Qf6 26. Qxf6+ exf6 27. f8=Q+ 1-0

[Event "Miedzynarodowy Festiwal Szachowy VARSOVIA 2019 - grupa A"]
[Site "Warszawa"]
[Date "1899-12-30"]
[Round "1.9"]
[White "Niekras, Dawid"]
[Black "Wojtaszewski, Piotr"]
[Result "1-0"]
[WhiteTitle "FM"]
[BlackTitle "I++"]
[WhiteElo "2331"]
[BlackElo "2045"]

1. e4 c5 2. Nf3 Nc6 3. d4 cxd4 4. Nxd4 e5 5. Nb5 d6 6. N1c3 a6 7. Na3 b5 8. Nd5
Nf6 9. Bg5 Be7 10. Bxf6 gxf6 11. c3 f5 12. exf5 Bxf5 13. Nc2 O-O 14. g3 Be4 15.
Qg4+ Bg6 16. Bg2 Rc8 17. Qe2 Bg5 18. O-O Re8 19. Nce3 f5 20. f4 exf4 21. gxf4
Bh4 22. Qd3 Ne7 23. a4 Nxd5 24. Nxd5 Rc5 25. axb5 axb5 26. Ra7 Re4 27. Bxe4 fxe4
28. Qd4 Bf7 29. Rxf7 Kxf7 30. Qxe4 Qg8+ 31. Kh1 Qg6 32. f5 Qh6 33. f6 Qf8 34.
Qxh7+ Ke6 35. Nf4+ Kd5 1-0

[Event "Miedzynarodowy Festiwal Szachowy VARSOVIA 2019 - grupa A"]
[Site "Warszawa"]
[Date "1899-12-30"]
[Round "1.10"]
[White "Goraj, Barbara"]
[Black "Pacan-milej, Kosma"]
[Result "1/2-1/2"]
[WhiteTitle "WCM"]
[BlackTitle "FM"]
[WhiteElo "2044"]
[BlackElo "2315"]

1. e4 c5 2. Nf3 Nc6 3. d4 cxd4 4. Nxd4 Nf6 5. Nc3 e5 6. Ndb5 d6 7. Nd5 Nxd5 8.
exd5 Ne7 9. c3 Ng6 10. Qa4 Bd7 11. Qb4 Qb8 12. Qc4 Kd8 13. Be3 Be7 14. a4 f5 1/2-1/2

[Event "Miedzynarodowy Festiwal Szachowy VARSOVIA 2019 - grupa A"]
[Site "Warszawa"]
[Date "1899-12-30"]
[Round "1.11"]
[White "Chyzy, Jakub"]
[Black "Skurniak, Szymon"]
[Result "1-0"]
[WhiteTitle "FM"]
[BlackTitle "I+"]
[WhiteElo "2291"]
[BlackElo "2030"]

1. e4 c5 2. Nf3 d6 3. d4 cxd4 4. Qxd4 Nc6 5. Bb5 Bd7 6. Bxc6 Bxc6 7. Nc3 e6 8.
Bg5 Qb6 9. Qxb6 axb6 10. O-O-O Nf6 11. Rhe1 Be7 12. Nd4 Ng4 13. Bxe7 Kxe7 14.
f3 Ne5 15. b3 b5 16. Ndxb5 Bxb5 17. Nxb5 Rxa2 18. Rxd6 Rc8 19. Re2 Rc5 20. Rb6
Nd3+ 21. Kd1 Nf4 22. Rxb7+ Kf6 23. Rf2 Ra1+ 24. Kd2 Rxc2+ 25. Kxc2 Ra2+ 26. Kc3
Rxf2 27. Nd6 Nxg2 28. Rxf7+ Kg6 29. b4 Ne1 30. b5 Rc2+ 31. Kd4 Rd2+ 32. Ke5 Nd3+
33. Kxe6 Nc5+ 34. Ke7 Na4 35. Rf8 Rxh2 36. Ra8 Nb6 37. Ra6 h5 38. Rxb6 h4 39.
Rc6 h3 40. Rc1 Rb2 41. Rh1 h2 42. b6 Kg5 43. b7 Kf4 44. Rxh2 Rxh2 45. b8=Q 1-0

[Event "Miedzynarodowy Festiwal Szachowy VARSOVIA 2019 - grupa A"]
[Site "Warszawa"]
[Date "1899-12-30"]
[Round "1.12"]
[White "Malaczek, Mateusz"]
[Black "Chomczyk, Marek"]
[Result "0-1"]
[WhiteTitle "II+"]
[BlackTitle "k++"]
[WhiteElo "2028"]
[BlackElo "2274"]

1. c4 Nf6 2. Nf3 e6 3. g3 d5 4. d4 Be7 5. Bg2 O-O 6. O-O dxc4 7. Qc2 a6 8. a4 Bd7
9. Ne5 Bc6 10. Nxc6 Nxc6 11. Bxc6 bxc6 12. Rd1 Qd5 13. Nc3 Qh5 14. Kg2 c5 15.
f3 Rfd8 16. Be3 Rab8 17. dxc5 Bxc5 18. Rxd8+ Rxd8 19. Rd1 Rxd1 20. Qxd1 h6 21.
Qg1 Bb4 22. Bd4 e5 23. Bc5 Bxc3 24. bxc3 Qf5 25. Qd1 Qd7 26. Qc2 Qd5 27. Bf2 e4
28. Bd4 exf3+ 29. exf3 Ne8 30. Qe2 Nd6 31. Kf2 f6 32. Qe3 Kf7 33. Bc5 Nf5 0-1

[Event "Miedzynarodowy Festiwal Szachowy VARSOVIA 2019 - grupa A"]
[Site "Warszawa"]
[Date "1899-12-30"]
[Round "1.13"]
[White "Kokoszczynski, Jan"]
[Black "Jurkiewicz, Krzysztof"]
[Result "1-0"]
[WhiteTitle "k"]
[BlackTitle "k"]
[WhiteElo "2264"]
[BlackElo "2023"]

1. e4 c5 2. Nf3 d6 3. Bb5+ Bd7 4. Bxd7+ Qxd7 5. c4 g6 6. Nc3 Bg7 7. d4 cxd4 8.
Nxd4 Nc6 9. Be3 Nf6 10. f3 O-O 11. O-O Nxd4 12. Bxd4 Qc6 13. b3 e6 14. Rc1 Nh5
15. Bxg7 Kxg7 16. Qd2 a6 17. Rfd1 Rfd8 18. Na4 e5 19. Qe3 Nf4 20. Rc2 h6 21. Nb6
Rab8 22. Rcd2 Ne6 23. a4 Nd4 24. Nd5 Qc5 25. Kh1 f6 26. Rd3 Rf8 27. f4 Rf7 28.
Qh3 f5 29. exf5 Rxf5 30. b4 Qxc4 31. Ne3 Qxb4 32. Nxf5+ Nxf5 33. fxe5 Re8 34.
g4 Rxe5 35. gxf5 Rxf5 36. Rxd6 Qxa4 37. Qc3+ 1-0

[Event "Miedzynarodowy Festiwal Szachowy VARSOVIA 2019 - grupa A"]
[Site "Warszawa"]
[Date "1899-12-30"]
[Round "1.14"]
[White "Szewczyk, Mariusz"]
[Black "Kowalczyk, Rafal"]
[Result "0-1"]
[WhiteTitle "I++"]
[BlackTitle "k++"]
[WhiteElo "2022"]
[BlackElo "2242"]

1. e4 e5 2. Nf3 Nc6 3. Bc4 Nf6 4. d3 Be7 5. Nc3 d6 6. Be3 Na5 7. h3 c6 8. O-O O-O
9. Bb3 Qc7 10. Re1 Re8 11. d4 b5 12. Bg5 a6 13. dxe5 dxe5 14. Qe2 h6 15. Bxf6
Bxf6 16. Rad1 Nxb3 17. axb3 a5 18. Rd2 Be7 19. Nd1 a4 20. bxa4 Rxa4 21. c3 Be6
22. b4 Ra3 23. Rc2 Bb3 24. Rc1 Ra2 25. Nb2 Rb8 26. Ra1 Rba8 27. Rab1 c5 28. Rec1
Qb8 29. Qe3 cxb4 30. cxb4 Be6 31. Qc3 f6 32. Nd3 Bc4 33. Nc5 R8a3 34. Qe1 Re2
35. Qd1 Raa2 36. Ra1 Rxf2 37. Rxa2 Rxa2 38. Qd7 Ra7 39. Qg4 Qb6 40. Qc8+ Kf7 41.
Kh1 Bxc5 42. bxc5 Qc7 43. Qh8 Qxc5 44. Rd1 Qf8 45. Qh7 Be2 46. Nxe5+ fxe5 47.
Rd2 Ra1+ 48. Kh2 Rf1 49. Rxe2 Ke7 50. Re3 Qf4+ 51. Rg3 Rh1+ 52. Kxh1 Qxg3 53.
Qf5 Qf4 54. Qc8 Qf1+ 55. Kh2 Qc4 56. Qf5 Qe6 57. Qf2 b4 58. Qc5+ Qd6 59. Qc4 Qb6
60. Qb3 Qd4 61. Qg8 Qxe4 62. Qxg7+ Kd6 63. Qxh6+ Kc5 64. Qf8+ Kc4 65. Qf1+ Qd3
66. Qc1+ Kb3 67. h4 Qd4 68. Qb1+ Ka3 69. Qc1+ Ka4 70. Qc6+ Kb3 71. Qf3+ Ka2 72.
Qe2+ Ka3 73. Qa6+ Kb3 74. g3 e4 75. h5 e3 76. h6 Qd2+ 77. Kh3 e2 78. Qe6+ Ka3
79. Qa6+ Kb3 80. Qe6+ Ka3 81. Qa6+ Kb2 82. Qf6+ Ka2 83. Qa6+ Kb1 84. Qg6+ Kc1
85. Qc6+ Qc3 0-1

[Event "Miedzynarodowy Festiwal Szachowy VARSOVIA 2019 - grupa A"]
[Site "Warszawa"]
[Date "1899-12-30"]
[Round "1.15"]
[White "Kubicka, Anna"]
[Black "Starosta, Martyna"]
[Result "1-0"]
[WhiteTitle "WIM"]
[BlackTitle "WCM"]
[WhiteElo "2221"]
[BlackElo "2019"]

1. d4 Nf6 2. Nf3 g6 3. c4 Bg7 4. g3 c6 5. Bg2 d5 6. O-O O-O 7. Nc3 Ne4 8. cxd5
Nxc3 9. bxc3 cxd5 10. Nd2 e6 11. e4 Qc7 12. Qb3 Rd8 13. exd5 exd5 14. Bxd5 Rxd5
15. Qxd5 Bh3 16. Re1 Nc6 17. Ne4 Rd8 18. Bf4 Qc8 19. Qb3 Na5 20. Qb5 Nc4 21. Qc5
Qg4 22. Ng5 Rc8 23. Qe7 Qf5 24. Nxh3 Qxh3 25. Qxb7 Nb6 26. Re7 Qf5 27. Rae1 Bf8
28. Re8 Rxe8 29. Rxe8 1-0

[Event "Miedzynarodowy Festiwal Szachowy VARSOVIA 2019 - grupa A"]
[Site "Warszawa"]
[Date "1899-12-30"]
[Round "1.16"]
[White "Rudzinska, Michalina"]
[Black "Bukojemski, Adam"]
[Result "1-0"]
[WhiteTitle "WFM"]
[BlackTitle "k"]
[WhiteElo "2005"]
[BlackElo "2219"]

1. e4 c5 2. Nf3 Nf6 3. e5 Nd5 4. Nc3 Nxc3 5. dxc3 d5 6. exd6 Qxd6 7. Be3 e5 8.
Qxd6 Bxd6 9. O-O-O Ke7 10. Ng5 f5 11. Rxd6 Kxd6 12. Nf7+ Kc6 13. Nxh8 Be6 14.
f4 Nd7 15. fxe5 Nxe5 16. Bf4 Ng4 17. Be2 g5 18. Bxg5 Rxh8 19. Rd1 Bd5 20. Bf4
c4 21. a4 a6 22. Bxc4 Bxg2 23. Rd6+ Kc5 24. Bf1 Bc6 25. a5 1-0

[Event "Miedzynarodowy Festiwal Szachowy VARSOVIA 2019 - grupa A"]
[Site "Warszawa"]
[Date "1899-12-30"]
[Round "1.17"]
[White "Siekanski, Janusz"]
[Black "Derylo, Kamil"]
[Result "1/2-1/2"]
[WhiteTitle "k"]
[BlackTitle "I++"]
[WhiteElo "2206"]
[BlackElo "1999"]

1. d4 d5 2. c4 c6 3. cxd5 cxd5 4. Nc3 Nc6 5. Nf3 Nf6 6. Bf4 Ne4 7. e3 Nxc3 8. bxc3
g6 9. h3 Bg7 10. Bd3 O-O 11. O-O b6 12. e4 dxe4 13. Bxe4 Bb7 14. Rc1 Rc8 15. Qd2
Qd7 16. Bh6 Rfd8 17. Bxg7 Kxg7 18. Qe3 Qd6 19. Rfe1 e6 20. h4 h5 21. Qg5 Rc7 22.
Rcd1 Qe7 23. Qe3 Qf6 24. c4 Na5 25. Bxb7 Nxb7 26. d5 exd5 27. cxd5 Rcd7 28. Qb3
Nc5 29. Qc4 Re7 30. Rxe7 Qxe7 31. Qd4+ Qf6 32. Ne5 Ne6 33. Qe4 Nc5 34. Qd4 Ne6
35. Qe4 Nc5 1/2-1/2

[Event "Miedzynarodowy Festiwal Szachowy VARSOVIA 2019 - grupa A"]
[Site "Warszawa"]
[Date "1899-12-30"]
[Round "1.18"]
[White "Harazinska, Magdalena"]
[Black "Bugajski, Robert"]
[Result "1-0"]
[WhiteTitle "WFM"]
[BlackTitle "FM"]
[WhiteElo "1994"]
[BlackElo "2203"]

1. d4 Nf6 2. c4 g6 3. Nc3 d5 4. Nf3 Bg7 5. Bg5 Ne4 6. cxd5 Nxg5 7. Nxg5 e6 8. Nf3
exd5 9. e3 O-O 10. Be2 c6 11. O-O Be6 12. b4 Nd7 13. a4 a6 14. Rc1 Qe7 15. Qb3
b5 16. a5 f5 17. Nd1 Rac8 18. g3 g5 19. Nb2 f4 20. exf4 gxf4 21. Rfe1 fxg3 22.
hxg3 Qf7 23. Nd3 Bh6 24. Rcd1 Bf5 25. Nde5 Qf6 26. Bf1 Nxe5 27. Nxe5 Kh8 28. Bg2
Bg7 29. Re3 Rce8 30. Rde1 Be4 31. f4 Bxg2 32. Kxg2 Kg8 33. Qc3 Qd6 34. Qxc6 Bxe5
35. Qxd6 Bxd6 36. Rxe8 Bxb4 37. Rxf8+ Kxf8 38. Re6 Bxa5 39. Rxa6 Bc3 40. Rd6 b4
41. Rxd5 b3 42. Rb5 b2 43. d5 Ke7 44. Kf3 h5 45. Ke4 Kd6 46. Kf5 Be1 47. Rxb2
Bxg3 48. Ke4 h4 49. Rb6+ Ke7 50. Rh6 Kf7 51. d6 1-0

[Event "Miedzynarodowy Festiwal Szachowy VARSOVIA 2019 - grupa A"]
[Site "Warszawa"]
[Date "1899-12-30"]
[Round "1.19"]
[White "Koziorowicz, Michal"]
[Black "Wikar, Martyna"]
[Result "0-1"]
[WhiteTitle "k"]
[BlackTitle "k+"]
[WhiteElo "2184"]
[BlackElo "1978"]

1. e4 c5 2. Nf3 Nc6 3. d4 cxd4 4. Nxd4 Nf6 5. Nc3 e5 6. Ndb5 d6 7. Bg5 a6 8. Na3
b5 9. Nd5 Be7 10. Bxf6 Bxf6 11. c3 Bg5 12. Nc2 Rb8 13. Ncb4 Nxb4 14. cxb4 O-O
15. a4 f5 16. axb5 axb5 17. h4 Bh6 18. Bd3 Be6 19. Qe2 Bxd5 20. exd5 e4 21. Bxb5
Qb6 22. Ra5 Qd4 23. O-O Qxb4 24. Rfa1 Qd2 25. R1a2 e3 26. f3 Rxb5 27. Qxb5 Qf2+
28. Kh1 Qe1+ 29. Kh2 Bf4+ 0-1

[Event "Miedzynarodowy Festiwal Szachowy VARSOVIA 2019 - grupa A"]
[Site "Warszawa"]
[Date "1899-12-30"]
[Round "1.20"]
[White "Czechowski, Jakub"]
[Black "Adamski, Jan"]
[Result "1/2-1/2"]
[WhiteTitle "I+"]
[BlackTitle "IM"]
[WhiteElo "1963"]
[BlackElo "2170"]

1. e4 c5 2. Nf3 a6 3. c4 e6 4. Nc3 Nc6 5. d4 cxd4 6. Nxd4 Bb4 7. Nxc6 dxc6 8. Qxd8+
Kxd8 9. Be3 e5 10. O-O-O Ke7 11. Na4 Nf6 12. Nb6 Rb8 13. a3 Bd6 14. Nxc8+ Rhxc8
15. c5 Bc7 16. f3 Nd7 17. Bc4 Nf8 18. g3 Ne6 19. Rd2 Rd8 20. Rf2 a5 21. Bxe6 Kxe6
22. Rd1 Rxd1+ 23. Kxd1 f5 24. Rc2 h5 25. exf5+ Kxf5 26. Rc4 g6 27. Ke2 Ke6 28.
Rc3 1/2-1/2

[Event "Miedzynarodowy Festiwal Szachowy VARSOVIA 2019 - grupa A"]
[Site "Warszawa"]
[Date "1899-12-30"]
[Round "1.21"]
[White "Stachanczyk, Jacek"]
[Black "Falkowski, Dawid"]
[Result "1-0"]
[WhiteTitle "IM"]
[BlackTitle "k"]
[WhiteElo "2160"]
[BlackElo "1957"]

1. e4 c5 2. Nf3 d6 3. d4 cxd4 4. Nxd4 Nf6 5. Nc3 Nc6 6. f3 e5 7. Nb3 Be6 8. Be3
d5 9. exd5 Nxd5 10. Nxd5 Qxd5 11. Nc5 O-O-O 12. Qxd5 Bxd5 13. c4 Nd4 14. Bxd4
exd4 15. cxd5 Bxc5 16. Rc1 Rxd5 17. b4 b6 18. bxc5 bxc5 19. Bc4 Re5+ 20. Kd2 f6
21. Rhe1 Kc7 22. f4 Rxe1 23. Rxe1 Kd7 24. Rb1 Kc7 25. Rb5 1-0

[Event "Miedzynarodowy Festiwal Szachowy VARSOVIA 2019 - grupa A"]
[Site "Warszawa"]
[Date "1899-12-30"]
[Round "1.22"]
[White "Karwacki, Piotr"]
[Black "Goslawski, Michal"]
[Result "0-1"]
[WhiteTitle "I"]
[BlackTitle "k+"]
[WhiteElo "1952"]
[BlackElo "2157"]

1. e4 e6 2. d4 d5 3. Nc3 Bb4 4. e5 Ne7 5. a3 Bxc3+ 6. bxc3 c5 7. Qg4 Kf8 8. Bd3
Qa5 9. Bd2 Qa4 10. Ra2 b6 11. Nf3 h6 12. O-O Ba6 13. Rb1 Nbc6 14. Be3 Bxd3 15.
cxd3 cxd4 16. Nxd4 Nxd4 17. Bxd4 Kg8 18. f4 Rc8 19. Qf3 Nf5 20. Rb4 Qc6 21. g4
Nxd4 22. cxd4 Qc1+ 23. Kf2 h5 24. g5 Rc2+ 25. Rxc2 Qxc2+ 26. Qe2 Qc1 27. Qe3 Qxa3
28. Qd2 Kh7 29. f5 exf5 30. e6 fxe6 31. Rb1 Qd6 32. g6+ Kxg6 33. Rg1+ Kf7 34.
Qg5 Rg8 35. Qg6+ Ke7 36. Qh7 Kf8 0-1

[Event "Miedzynarodowy Festiwal Szachowy VARSOVIA 2019 - grupa A"]
[Site "Warszawa"]
[Date "1899-12-30"]
[Round "1.23"]
[White "Rahul Kumar, Pune"]
[Black "Hetzer, Volkhard"]
[Result "1-0"]
[WhiteTitle ""]
[BlackTitle ""]
[WhiteElo "2148"]
[BlackElo "1927"]

1. b3 d5 2. Bb2 Bg4 3. g3 e6 4. Bg2 Nf6 5. Nf3 Nbd7 6. O-O Bd6 7. d3 O-O 8. Nbd2
c6 9. h3 Bxf3 10. Nxf3 Re8 11. c4 e5 12. Nh4 Bf8 13. Qd2 g6 14. Rad1 Qe7 15. e3
Rad8 16. Nf3 Qd6 17. Qc2 Bg7 18. Rc1 h6 19. Rfd1 Qe6 20. b4 a6 21. Qb3 Qd6 22.
a3 Qb8 23. a4 e4 24. dxe4 dxc4 25. Rxc4 Nxe4 26. Bxg7 Kxg7 27. Rcd4 Ndf6 28. Ne5
Ng5 29. Nd7 Rxd7 30. Rxd7 Nxd7 31. Rxd7 Rd8 32. Qc3+ Kg8 33. Qd3 Rxd7 34. Qxd7
Qe5 35. Qxb7 Qa1+ 36. Kh2 Qxa4 37. h4 Ne6 38. Bxc6 Qc2 39. Kg2 Nd8 40. Be4 Qc4
41. Qa8 Kg7 42. Bd5 Qc7 43. Qxa6 1-0

[Event "Miedzynarodowy Festiwal Szachowy VARSOVIA 2019 - grupa A"]
[Site "Warszawa"]
[Date "1899-12-30"]
[Round "1.24"]
[White "Zarebska, Lena"]
[Black "Fiszer, Bartosz"]
[Result "0-1"]
[WhiteTitle "I++"]
[BlackTitle "CM"]
[WhiteElo "1915"]
[BlackElo "2146"]

1. e4 c5 2. c4 Nc6 3. Nc3 g6 4. d3 Bg7 5. g3 d6 6. Bg2 Nd4 7. h3 e6 8. Nge2 Ne7
9. O-O O-O 10. Be3 Rb8 11. a4 a6 12. Rb1 Nec6 13. Kh2 Bd7 14. f4 b5 15. axb5 axb5
16. Nxb5 Nxb5 17. cxb5 Nd4 18. Bxd4 cxd4 19. b4 Rxb5 20. Qd2 Qb6 21. Rb2 Rb8 22.
Rfb1 Bf8 23. Ng1 Bc6 24. Nf3 d5 25. Ne5 dxe4 26. dxe4 Be8 27. Nd3 Rc8 28. Rc1
Rxc1 29. Qxc1 Bxb4 30. Qc8 Bf8 31. Ra2 Qb8 32. Ra8 Qxc8 33. Rxc8 Rb3 34. Rxe8
Rxd3 35. Rd8 Kg7 36. e5 Bb4 37. Be4 Rd2+ 38. Bg2 d3 39. g4 Rf2 40. Rxd3 Rxf4 41.
Kg3 Rc4 42. Re3 Bc5 43. Re2 Bb6 44. Bf3 Bc7 45. h4 Rc5 46. g5 Bxe5+ 47. Kg4 Bc7
48. Re3 Rc1 49. Re2 h6 50. Rd2 Rg1+ 51. Rg2 h5+ 52. Kh3 Rh1+ 53. Rh2 Rxh2# 0-1

[Event "Miedzynarodowy Festiwal Szachowy VARSOVIA 2019 - grupa A"]
[Site "Warszawa"]
[Date "1899-12-30"]
[Round "1.25"]
[White "Smieszek, Wojciech"]
[Black "Jarocka, Liwia"]
[Result "1-0"]
[WhiteTitle "k"]
[BlackTitle "FM"]
[WhiteElo "2140"]
[BlackElo "1907"]

1. e4 c5 2. Nf3 Nc6 3. d4 cxd4 4. Nxd4 Nf6 5. Nc3 d6 6. Be3 e5 7. Nf3 Be7 8. Bc4
O-O 9. h3 Be6 10. Bb3 Na5 11. O-O Nc4 12. Bxc4 Bxc4 13. Re1 b5 14. Bg5 b4 15.
Bxf6 bxc3 16. Bxe7 Qxe7 17. b3 Be6 18. Re3 Rac8 19. Qe1 f5 20. exf5 Bxf5 21. Rxc3
Bxc2 22. Rc1 Rxc3 23. Qxc3 Bf5 24. Rd1 h6 25. Qc4+ Kh8 26. Qd5 Rf6 27. Nh4 Bh7
28. g3 Bg8 29. Qa8 g5 30. Ng2 Qd7 31. g4 Kg7 32. Ne3 Be6 33. Qb8 Qc6 34. Qxd6
Qf3 35. Rd2 Qxh3 36. Qe7+ Kg6 37. Qe8+ Bf7 38. Qxe5 Qf3 39. Qh2 Be6 40. Qg2 Qf4
41. Rc2 Qb4 42. Nc4 Qe1+ 43. Kh2 Bd7 44. Ne3 Qb4 45. Rc4 Qd6+ 46. Kg1 Bc6 47.
Qf1 Bb7 48. Qb1+ Kg7 49. Qc2 Rf7 50. Nf5+ Rxf5 51. gxf5 Qd5 52. Rc7+ Kf6 53. Qc3+
Kxf5 54. Rc5 1-0

[Event "Miedzynarodowy Festiwal Szachowy VARSOVIA 2019 - grupa A"]
[Site "Warszawa"]
[Date "1899-12-30"]
[Round "1.26"]
[White "Janeczko, Jakub"]
[Black "Luczak, Filip"]
[Result "0-1"]
[WhiteTitle "I"]
[BlackTitle "CM"]
[WhiteElo "1906"]
[BlackElo "2137"]

1. e4 c5 2. Nf3 Nc6 3. d4 cxd4 4. Nxd4 e5 5. Nb5 d6 6. N1c3 a6 7. Na3 Be7 8. Nd5
Nf6 9. Bd3 O-O 10. O-O Nxd5 11. exd5 Nb4 12. Bc4 a5 13. Be3 Bg5 14. Qd2 Bxe3 15.
Qxe3 Bf5 16. c3 Nc2 17. Nxc2 Bxc2 18. Bd3 Bxd3 19. Qxd3 Qb6 20. b3 Rac8 21. c4
f5 22. Qe3 Rc5 23. f4 e4 24. h3 Qd8 25. a4 Qh4 26. Kh2 h6 27. g3 Qf6 28. Ra2 Rc7
29. Rg2 g5 30. Rfg1 Rg7 31. Qd2 Kh8 32. Qe3 Rfg8 33. Qd2 Rg6 34. Qe3 R8g7 35.
Qd2 Kh7 36. Qe3 gxf4 37. gxf4 Rxg2+ 38. Rxg2 Rxg2+ 39. Kxg2 Qb2+ 40. Kg3 Qg7+
41. Kh2 Kg6 42. Qd2 Qa1 43. c5 Qa3 44. cxd6 Qxd6 45. Kg3 Qb6 46. Kg2 Qxb3 47.
d6 Qf3+ 48. Kg1 e3 49. Qa2 Qd1+ 50. Kg2 0-1